Remote sensing of coastal environments (Record no. 757472)
[ view plain ]
| 000 -LEADER | |
|---|---|
| fixed length control field | 00355 a2200133 4500 |
| 020 ## - INTERNATIONAL STANDARD BOOK NUMBER | |
| ISBN | 9781639879755 |
| 084 ## - OTHER CLASSIFICATION NUMBER | |
| Source of Number | CC |
| Classification number | D65,3(C6:45)0bG95531:5 |
| 100 ## - MAIN ENTRY--AUTHOR NAME | |
| Personal name | Morgan ,Kallie, Ed. |
| 245 ## - TITLE STATEMENT | |
| Title | Remote sensing of coastal environments |
| 260 ## - PUBLICATION, DISTRIBUTION, ETC. (IMPRINT) | |
| Name of publisher | Murphy & Moore, |
| Year of publication | 2025 |
| Place of publication | New York |
| 300 ## - PHYSICAL DESCRIPTION | |
| Number of Pages | 237p. |
| 942 ## - ADDED ENTRY ELEMENTS (KOHA) | |
| Koha item type | Book |
| Source of classification or shelving scheme | Colon Classification |
| Withdrawn status | Lost status | Source of classification or shelving scheme | Damaged status | Not for loan | Home Library | Current Location | Shelving location | Date acquired | Source of acquisition | Cost, normal purchase price | Full call number | Accession Number | Cost, replacement price | Price effective from | Koha item type |
|---|---|---|---|---|---|---|---|---|---|---|---|---|---|---|---|
| Colon Classification | Kerala University Library | Kerala University Library | General Stacks | 13/03/2026 | 27 | 11894.32 | D65,3(C6:45)0bG95531:5 R5 | 326922 | 14867.91 | 13/03/2026 | General |
